K problematice měření v systémech managementu jakosti (v kontextu doporučení ISO/DIS 9004:2000)

Základné charakteristiky a chápanie súvislostí systémov merania manažmentu kvality v kontexte doporučení ISO/DIS 9004:2000. Metódy merania. Meranie výkonnosti. Meranie miery spokojnosti. Meranie nákladov. Meranie výkonnosti konkurencie (benchmarking). Meranie výkonnosti a spôsobilosti dodávateľov. M...

Ausführliche Beschreibung

Gespeichert in:
Bibliographische Detailangaben
1. Verfasser: Nenadál, Jaroslav
Format: Buchkapitel
Sprache:Slowakisch
Schlagworte:
Tags: Tag hinzufügen
Keine Tags, Fügen Sie das erste Tag hinzu!

MARC

LEADER 00000naa a2200000 4500
001 r039799
005 20231002065742.3
041 0 |a slo 
044 |a SK 
245 1 0 |a K problematice měření v systémech managementu jakosti  |b (v kontextu doporučení ISO/DIS 9004:2000)  |c Jaroslav Nenadál 
520 |a Základné charakteristiky a chápanie súvislostí systémov merania manažmentu kvality v kontexte doporučení ISO/DIS 9004:2000. Metódy merania. Meranie výkonnosti. Meranie miery spokojnosti. Meranie nákladov. Meranie výkonnosti konkurencie (benchmarking). Meranie výkonnosti a spôsobilosti dodávateľov. Meranie spôsobilosti procesov. 
610 2 0 |a riadenie kvality 
610 2 0 |a normy ISO 
610 2 0 |a systém riadenia kvality 
610 2 0 |a výkonnosť 
610 2 0 |a konkurencia 
610 2 0 |a metódy 
100 1 |a Nenadál, Jaroslav